الالهة عطشى / (رقم التسجيلة. 98559)

تفاصيل مارك
000 -LEADER
fixed length control field 010460am a2200301 004500
003 - CONTROL NUMBER IDENTIFIER
control field EG-GiCUC
008 - FIXED-LENGTH DATA ELEMENTS--GENERAL INFORMATION
fixed length control field 080403s2006 ua a g 000 1 ara d
017 ## - COPYRIGHT OR LEGAL DEPOSIT NUMBER
Copyright or legal deposit number 2001 / 18753
Assigning agency مصر.دار الكتب
020 ## - INTERNATIONAL STANDARD BOOK NUMBER
International Standard Book Number 9772706466
040 ## - CATALOGING SOURCE
Original cataloging agency EG-GiCUC
Language of cataloging ara
Transcribing agency EG-GiCUC
041 1# - LANGUAGE CODE
Language code of text/sound track or separate title ara
Language code of original fre
092 04 - LOCALLY ASSIGNED DEWEY CALL NUMBER (OCLC)
Classification number 843
Item number F823 2006
Edition number 21
099 ## - LOCAL FREE-TEXT CALL NUMBER (OCLC)
Classification number 04
-- 843 F823 2006
100 1# - MAIN ENTRY--PERSONAL NAME
Personal name فرانس : اناتول
245 12 - TITLE STATEMENT
Title الالهة عطشى /
Statement of responsibility, etc. اناتول فرانس ؛ ترجمة مصطفى كامل خليفة
250 ## - EDITION STATEMENT
Edition statement ط2
260 ## - PUBLICATION, DISTRIBUTION, ETC.
Place of publication, distribution, etc. القاهرة :
Name of publisher, distributor, etc. الدار المصرية اللبنانية :
Date of publication, distribution, etc. 2006
300 ## - PHYSICAL DESCRIPTION
Extent 363ص :
Other physical details ايض ؛
Dimensions 22سم
440 #0 - SERIES STATEMENT/ADDED ENTRY--TITLE
Title روايات جائزة نوبل ؛
Volume/sequential designation 16
500 ## - GENERAL NOTE
General note حازالمؤلف على جائزة نوبل فى الاداب عام 1939
650 #7 - SUBJECT ADDED ENTRY--TOPICAL TERM
Topical term or geographic name entry element القصص الفرنسية
Source of heading or term qrmak
700 1# - ADDED ENTRY--PERSONAL NAME
Personal name خليفة : مصطفى كامل
902 ## - LOCAL DATA ELEMENT B, LDB (RLIN)
No. of Items 1
905 ## - LOCAL DATA ELEMENT E, LDE (RLIN)
Cataloger اميرة
Reviser مدخل
905 ## - LOCAL DATA ELEMENT E, LDE (RLIN)
Cataloger جيهان
Reviser مراجع
942 ## - ADDED ENTRY ELEMENTS (KOHA)
Source of classification or shelving scheme Dewey Decimal Classification
Koha item type Books
المقتنيات
Source of classification or shelving scheme Not for loan Home library Current library Date acquired Full call number Barcode Date last seen Copy number Koha item type
Dewey Decimal Classification   المكتبة المركزبة الجديدة - جامعة القاهرة قاعة الانسانيات - الدور الثاني 11.02.2024 843 F835 2006 01000100116386000 23.09.2023 C.1 Books
Cairo University Libraries Portal Implemented & Customized by: Eng. M. Mohamady Contacts: new-lib@cl.cu.edu.eg | cnul@cl.cu.edu.eg
CUCL logo CNUL logo
© All rights reserved — Cairo University Libraries
CUCL logo
Implemented & Customized by: Eng. M. Mohamady Contact: new-lib@cl.cu.edu.eg © All rights reserved — New Central Library
CNUL logo
Implemented & Customized by: Eng. M. Mohamady Contact: cnul@cl.cu.edu.eg © All rights reserved — Cairo National University Library